| 000 | 00464nam a2200145Ia 4500 | ||
|---|---|---|---|
| 008 | 260210s9999 xx 000 0 und d | ||
| 024 | _a20B-016-CS, 20B-119-CS & 20B-031-CS | ||
| 082 | _a004.678072 TAB | ||
| 100 | _aMuhammad Moin Tabani, Muhammad Daniyal & Muhammad Hassan Shoukar | ||
| 110 | _aDr. Awais Ahmed | ||
| 245 | 0 | _aFYP-Dhundo.com | |
| 260 |
_aKarachi: _bUITU, _c2020 |
||
| 600 | _aBachelor of Computer Science (BS) | ||
| 650 | _aComputer Science | ||
| 999 |
_c32531 _d32531 |
||